Mathematical disabilities : a cognitive neuropsychological perspective /

Bibliographic Details
Other Authors: Deloche, Gerard, Seron, Xavier
Format: Book
Language:English
Published: Hillsdale, NJ : L. Erlbaum Associates, 1987.
Subjects:

MARC

Tag First Indicator Second Indicator Subfields
LEADER 00000cam a22000008a 4500
001 in00000007693
005 20151002060018.0
008 870109s1987 njua b 00100 eng
010 |a  87000429  
020 |a 0898598915 
035 |a (OCoLC)15108393 
035 |9 AAA0020AM 
040 |a DLC  |c DLC  |d m/c  |d TXA  |d UtOrBLW 
050 0 0 |a RJ496.A25  |b M38 1987 
082 0 |a 616.8/5  |2 19 
245 0 0 |a Mathematical disabilities :  |b a cognitive neuropsychological perspective /  |c edited by Gérard Deloche, Xavier Seron. 
263 |a 8704 
264 1 |a Hillsdale, NJ :  |b L. Erlbaum Associates,  |c 1987. 
300 |a xviii, 281 pages :  |b illustrations 
336 |a text  |b txt  |2 rdacontent 
337 |a unmediated  |b n  |2 rdamedia 
338 |a volume  |b nc  |2 rdacarrier 
504 |a Includes bibliographies and indexes. 
650 0 |a Acalculia. 
650 0 |a Mathematical ability  |x Physiological aspects. 
650 0 |a Neuropsychology. 
700 1 |a Deloche, Gerard. 
700 1 |a Seron, Xavier. 
999 |a MARS 
999 f f |s 1549d73a-0ff3-310c-a152-116f78c7e8ff  |i dfd2774d-7a2e-3c22-aa98-e1aa04e0fd7d  |t 0 
952 f f |p ric  |a Texas A&M University  |b Rellis Campus  |c Joint Library Facility  |d Remote Storage  |t 0  |e RJ496.A25 M38 1987  |h Library of Congress classification  |i unmediated -- volume  |m A14841586698 
998 f f |a RJ496.A25 M38 1987  |t 0  |l Remote Storage